zpět

Detail výsledku týmu

U Dvou přátel, Hnačov

Datum a čas kvízu

18 Celkem bodů Celkový počet nahraných bodů na tomto kvízu bez doplňovacích otázek.
6. Pořadí na kvízu Konečné umístění týmu na tomto kvízu.

Zaznamenané odpovědi

# Otázka Odpověď Body Výsledky
1. Bývalý starosta pražských Řepo... (Vazební) věznice Pankrác 1
2. Donald Trump v pátek, na Den n... Velký krásný zákon (Big Beautiful Bill) 1
3. Přehlídkou filmových hvězd na... Aňa Geislerová 1
4. Minulý týden jsme se dozvěděli... za Sandru Bullock 1
5. 57letý bývalý tenista, trojnás... Boris Becker 1
6. V tomto tématu se budeme zabýv... Pilsner Urquell 1
7. Jednu z legendárních reklam na... žvýkačka 1
8. Která česká tenistka si zahrál... Karolína Plíšková 0
9. Který tenista vytvořil několik... Novak Djoković 1
10. Ne vždy sportovci produktům, n... Coca-Cola 1